Consumer behavior : (Record no. 19685)
[ view plain ]
| 000 -LEADER | |
|---|---|
| fixed length control field | 00767nam a22002415a 4500 |
| 008 - FIXED-LENGTH DATA ELEMENTS--GENERAL INFORMATION | |
| fixed length control field | 150616t2015 enka frbd 001 0 eng d |
| 020 ## - INTERNATIONAL STANDARD BOOK NUMBER | |
| International Standard Book Number | 1292017414 |
| 020 ## - INTERNATIONAL STANDARD BOOK NUMBER | |
| International Standard Book Number | 9781292017419 |
| 040 ## - CATALOGING SOURCE | |
| Original cataloging agency | EG-ScBUE |
| Language of cataloging | eng |
| Modifying agency | EG-ScBUE |
| 082 04 - DEWEY DECIMAL CLASSIFICATION NUMBER | |
| Edition number | 22 |
| Item number | SOL |
| Classification number | 658.8342 |
| 100 1# - MAIN ENTRY--PERSONAL NAME | |
| Personal name | Solomon, Michael R. |
| 9 (RLIN) | 12282 |
| 245 10 - TITLE STATEMENT | |
| Title | Consumer behavior : |
| Remainder of title | buying, having, and being / |
| Statement of responsibility, etc | Michael R. solomon. |
| 250 ## - EDITION STATEMENT | |
| Edition statement | 11th ed., Global ed. |
| 260 ## - PUBLICATION, DISTRIBUTION, ETC. (IMPRINT) | |
| Place of publication, distribution, etc | Harlow : |
| Name of publisher, distributor, etc | Pearson Education Limited, |
| Date of publication, distribution, etc | c.2015. |
| 300 ## - PHYSICAL DESCRIPTION | |
| Extent | 604 p. : |
| Other physical details | ill. ; |
| Dimensions | 26 cm. |
| 500 ## - GENERAL NOTE | |
| General note | Index : p. 579-604. |
| 500 ## - GENERAL NOTE | |
| General note | Glossary : p. 565-578. |
| 504 ## - BIBLIOGRAPHY, ETC. NOTE | |
| Bibliography, etc | Includes bibliographical references. |
| 650 ## - SUBJECT ADDED ENTRY--TOPICAL TERM | |
| Source of heading or term | BUEsh |
| Topical term or geographic name as entry element | Consumer behavior |
| 651 ## - SUBJECT ADDED ENTRY--GEOGRAPHIC NAME | |
| Source of heading or term | BUEsh |
| 653 ## - INDEX TERM--UNCONTROLLED | |
| Resource For college | Communication and mass media |
| Arrived date list | June2014 |
| -- | October2015 |
| 942 ## - ADDED ENTRY ELEMENTS (KOHA) | |
| Source of classification or shelving scheme | Dewey Decimal Classification |
| Withdrawn status | Lost status | Source of classification or shelving scheme | Damaged status | Not for loan | Koha collection | Home library | Current library | Shelving location | Date acquired | Source of acquisition | Cost, normal purchase price | Serial Enumeration / chronology | Total Checkouts | Total Renewals | Full call number | Barcode | Date last seen | Date last borrowed | Cost, replacement price | Koha item type |
|---|---|---|---|---|---|---|---|---|---|---|---|---|---|---|---|---|---|---|---|---|
| Lost & Replaced | Dewey Decimal Classification | Alahram | Central Library | Central Library | First floor | 16/06/2015 | Purchase | 295.00 | 315 | 2 | 4 | 658.8342 SOL | 000038578 | 04/06/2017 | 04/05/2016 | 368.75 | Book - Borrowing | |||
| Dewey Decimal Classification | Alahram | Central Library | Central Library | First floor | 15/06/2017 | Purchase | 658.8342 SOL | 000046115 | 15/07/2025 | NB - Book (Non borrowing) | ||||||||||
| Dewey Decimal Classification | Baccah | Central Library | Central Library | First floor | 18/02/2018 | Purchase | 2 | 33 | 658.8342 SOL | 000042977 | 04/03/2026 | 26/10/2021 | Book - Borrowing | |||||||
| Dewey Decimal Classification | Baccah | Central Library | Central Library | First floor | 18/02/2018 | Purchase | 3 | 3 | 658.8342 SOL | 000042978 | 15/07/2025 | 16/12/2018 | Book - Borrowing |